[Event "POL-chT 1st League"]
[Site "Leba"]
[Date "2023.09.26"]
[Round "4.2"]
[White "Plichta, Kamil"]
[Black "Sowinski, Pawel"]
[Result "1-0"]
[WhiteElo "2394"]
[BlackElo "2364"]
[PlyCount "95"]
[EventDate "2023.09.23"]
[EventType "team-swiss"]
[EventRounds "9"]
[EventCountry "POL"]
[SourceTitle "EXT 2024"]
[Source "ChessBase"]
[SourceDate "2023.10.10"]
[SourceVersion "1"]
[SourceVersionDate "2023.10.10"]
[SourceQuality "1"]
[WhiteTeam "Gostynin Gostmat 83"]
[BlackTeam "Sedziszow Malopolski"]
[WhiteTeamCountry "POL"]
[BlackTeamCountry "POL"]

1. c4 Nf6 2. g3 c6 3. Bg2 d5 4. Nf3 Bf5 5. 0-0 e6 6. Qb3 Qb6 7. d3 Nbd7 8. cxd5 exd5 9. Qc2 Be7 10. Nc3 0-0 11. e4 Bg6 12. Nh4 dxe4 13. dxe4 Rfd8 14. Be3 Qa5 15. h3 Ne5 16. Nxg6 hxg6 17. Rfd1 Bc5 18. Bf4 Re8 19. a3 Bf8 20. b4 Qa6 21. Bf1 Qb6 22. Be3 Qc7 23. f4 Ned7 24. Bg2 a5 25. Rab1 axb4 26. axb4 Nh5 27. g4 Nhf6 28. e5 Nh7 29. g5 Nxe5 30. fxe5 Qxe5 31. Ne4 Ra3 32. Rb3 Bxb4 33. Rdb1 Rxb3 34. Rxb3 Be7 35. h4 Bd6 36. Rxb7 Qh2+ 37. Kf1 Re6 38. Qxc6 Bf8 39. Qc7 Qxc7 40. Rxc7 f5 41. gxf6 Nxf6 42. Nxf6+ Rxf6+ 43. Ke2 Bd6 44. Rd7 Bg3 45. Bd5+ Kf8 46. Bg5 Re6+ 47. Bxe6 Bxh4 48. Rd8# 1-0

[Event "Titled Tuesday intern op 15th Aug Early"]
[Site "Chess.com INT"]
[Date "2023.08.15"]
[Round "7"]
[White "Plichta, Kamil"]
[Black "Bournel, Antoine"]
[Result "1-0"]
[WhiteElo "2394"]
[BlackElo "2329"]
[PlyCount "119"]
[EventDate "2023.08.15"]
[EventType "swiss (blitz)"]
[EventRounds "11"]
[EventCountry "USA"]
[SourceTitle "EXT 2024"]
[Source "ChessBase"]
[SourceDate "2023.10.10"]
[SourceVersion "1"]
[SourceVersionDate "2023.10.10"]
[SourceQuality "1"]

1. Nf3 c5 2. g3 Nc6 3. Bg2 e5 4. 0-0 g6 5. c4 Bg7 6. Nc3 d6 7. Ne1 Nge7 8. Nc2 Be6 9. Ne3 0-0 10. Rb1 a6 11. a3 Rb8 12. b4 cxb4 13. axb4 b5 14. cxb5 axb5 15. Ned5 Nxd5 16. Nxd5 Ne7 17. Qb3 Qd7 18. d3 Rfc8 19. Bg5 Nxd5 20. Bxd5 Bxd5 21. Qxd5 Qe6 22. Qxe6 fxe6 23. Rfc1 d5 24. Be3 Bf8 25. Bd2 Kf7 26. Kf1 Ke8 27. Ke1 Kd7 28. Kd1 Bd6 29. Rc2 Rxc2 30. Kxc2 Ra8 31. Kb3 Rf8 32. f3 Ra8 33. g4 Kc6 34. h4 Be7 35. Rc1+ Kd7 36. h5 gxh5 37. gxh5 Rg8 38. Ra1 Rg2 39. Ra7+ Kd8 40. Ra8+ Kd7 41. Ra7+ Kd8 42. Ra8+ Kd7 43. Rh8 Rxe2 44. Bc3 d4 45. Bb2 Rd2 46. Rxh7 Rxd3+ 47. Kc2 Rxf3 48. Bc1 Kd6 49. h6 Rh3 50. Rh8 e4 51. h7 Rh2+ 52. Kb3 e5 53. Bd2 e3 54. Be1 d3 55. Bg3 Rh3 56. Re8 Kd7 57. h8Q Rxh8 58. Rxh8 e2 59. Be1 Bg5 60. Rh3 1-0

[Event "Titled Tuesday intern op 15th Aug Early"]
[Site "Chess.com INT"]
[Date "2023.08.15"]
[Round "1"]
[White "Plichta, Kamil"]
[Black "Kazakouski, Valery"]
[Result "0-1"]
[WhiteElo "2394"]
[BlackElo "2558"]
[PlyCount "59"]
[EventDate "2023.08.15"]
[EventType "swiss (blitz)"]
[EventRounds "11"]
[EventCountry "USA"]
[SourceTitle "EXT 2024"]
[Source "ChessBase"]
[SourceDate "2023.10.10"]
[SourceVersion "1"]
[SourceVersionDate "2023.10.10"]
[SourceQuality "1"]

1. Nf3 d5 2. g3 Nd7 3. Bg2 e5 4. 0-0 Ngf6 5. d4 e4 6. Ne5 Bd6 7. Nxd7 Bxd7 8. c4 dxc4 9. Nc3 Qe7 10. Bg5 Bf5 11. Nd5 Qe6 12. Bxf6 gxf6 13. Ne3 Bg6 14. Qa4+ c6 15. d5 b5 16. Qa6 Qc8 17. Qxc6+ Ke7 18. Qxb5 Rb8 19. Qxc4 Rxb2 20. Bxe4 Qxc4 21. Nxc4 Rxe2 22. Bf3 Rc2 23. Rfe1+ Kd7 24. Nxd6 Kxd6 25. a4 Rb8 26. a5 Rbb2 27. Rab1 Rxb1 28. Rxb1 Rc3 29. Rb7 Rxf3 30. Rxa7 0-1

[Event "Titled Tuesday intern op 15th Aug Early"]
[Site "Chess.com INT"]
[Date "2023.08.15"]
[Round "8"]
[White "Plichta, Kamil"]
[Black "Skvortsov, Andrei"]
[Result "1-0"]
[WhiteElo "2394"]
[BlackElo "2294"]
[PlyCount "49"]
[EventDate "2023.08.15"]
[EventType "swiss (blitz)"]
[EventRounds "11"]
[EventCountry "USA"]
[SourceTitle "EXT 2024"]
[Source "ChessBase"]
[SourceDate "2023.10.10"]
[SourceVersion "1"]
[SourceVersionDate "2023.10.10"]
[SourceQuality "1"]

1. Nf3 e6 2. g3 b5 3. Bg2 Bb7 4. 0-0 d6 5. d3 Nd7 6. e4 c5 7. a4 a6 8. Na3 b4 9. Nc4 Qc7 10. Re1 Ngf6 11. Bf4 Ng4 12. e5 dxe5 13. Nfxe5 Ngxe5 14. Bxb7 Qxb7 15. Nxe5 Nf6 16. Nc4 Rd8 17. Be5 Be7 18. Bxf6 Bxf6 19. Qh5 Rd5 20. Rxe6+ Kd8 21. Rb6 Qd7 22. Qf3 Re8 23. Rb8+ Kc7 24. Rxe8 Rf5 25. Qa8 1-0

[Event "Titled Tuesday intern op 15th Aug Late"]
[Site "Chess.com INT"]
[Date "2023.08.15"]
[Round "1"]
[White "Sloan, Julia Elizabeth"]
[Black "Plichta, Kamil"]
[Result "0-1"]
[WhiteElo "2087"]
[BlackElo "2394"]
[PlyCount "56"]
[EventDate "2023.08.15"]
[EventType "swiss (blitz)"]
[EventRounds "11"]
[EventCountry "USA"]
[SourceTitle "EXT 2024"]
[Source "ChessBase"]
[SourceDate "2023.10.10"]
[SourceVersion "1"]
[SourceVersionDate "2023.10.10"]
[SourceQuality "1"]

1. d4 d5 2. c4 e5 3. e3 exd4 4. exd4 Nf6 5. Nc3 Bb4 6. Bd3 dxc4 7. Bxc4 0-0 8. Nge2 Nbd7 9. 0-0 Nb6 10. Bb3 c6 11. a3 Bd6 12. Bf4 Bg4 13. f3 Bh5 14. Bxd6 Qxd6 15. Qd2 Rad8 16. Rad1 Rfe8 17. Nf4 Bg6 18. Nxg6 hxg6 19. Qc2 Nbd5 20. Ne4 Qf4 21. Nxf6+ gxf6 22. Bxd5 Rxd5 23. Qd2 Qd6 24. Rfe1 Rxe1+ 25. Qxe1 Rxd4 26. Qe8+ Kg7 27. Re1 Rd2 28. h3 Qg3 0-1

[Event "EU-ch Rapid"]
[Site "Katowice"]
[Date "2022.12.18"]
[Round "7"]
[White "Plichta, Kamil"]
[Black "Krzywda, Andrzej"]
[Result "1-0"]
[WhiteElo "2394"]
[BlackElo "2262"]
[PlyCount "121"]
[EventDate "2022.12.17"]
[EventType "swiss (rapid)"]
[EventRounds "11"]
[EventCountry "POL"]
[SourceTitle "CBM 211 Extra"]
[Source "ChessBase"]
[SourceDate "2023.01.31"]
[SourceVersion "1"]
[SourceVersionDate "2023.01.31"]
[SourceQuality "1"]

1. e4 c5 2. c3 Nf6 3. e5 Nd5 4. Nf3 Nc6 5. Bc4 Nb6 6. Bb3 d6 7. exd6 Qxd6 8. 0-0 e6 9. d4 cxd4 10. cxd4 Be7 11. Nc3 0-0 12. Re1 a6 13. Qe2 Bd7 14. Qe4 Rfe8 15. a3 Qc7 16. h4 Na5 17. Bc2 f5 18. Qe2 Bf6 19. Bg5 Nac4 20. Bb3 Rac8 21. Rac1 Qd8 22. Bxf6 Qxf6 23. Ne5 Nxe5 24. Qxe5 Qg6 25. Re3 Nc4 26. Bxc4 Rxc4 27. Rg3 Qh6 28. Re1 Kh8 29. Qd6 Bc6 30. b3 f4 31. bxc4 fxg3 32. Qxg3 Qd2 33. Qe3 Qxe3 34. Rxe3 Kg8 35. f3 Kf7 36. Kf2 Rd8 37. Rd3 b5 38. cxb5 Bxb5 39. Rd2 Rc8 40. Ne4 Rc1 41. Rb2 Ra1 42. Rb3 h6 43. Ke3 Re1+ 44. Kf4 Ra1 45. Ke5 Ra2 46. g4 Bc6 47. Rc3 Bd5 48. h5 Ra1 49. Nd6+ Ke7 50. Nf5+ Kd7 51. Nxg7 a5 52. Nf5 exf5 53. Kxd5 fxg4 54. fxg4 Rg1 55. Rc6 Rxg4 56. Rxh6 Rg5+ 57. Kc4 Rg3 58. Ra6 Rxa3 59. h6 Rh3 60. h7 Kc7 61. Ra8 1-0

[Event "EU-ch Rapid"]
[Site "Katowice"]
[Date "2022.12.18"]
[Round "9"]
[White "Plichta, Kamil"]
[Black "Trybus, Daniel"]
[Result "1-0"]
[WhiteElo "2394"]
[BlackElo "2258"]
[PlyCount "79"]
[EventDate "2022.12.17"]
[EventType "swiss (rapid)"]
[EventRounds "11"]
[EventCountry "POL"]
[SourceTitle "CBM 211 Extra"]
[Source "ChessBase"]
[SourceDate "2023.01.31"]
[SourceVersion "1"]
[SourceVersionDate "2023.01.31"]
[SourceQuality "1"]

1. e4 c5 2. Nf3 d6 3. Nc3 Nf6 4. e5 dxe5 5. Nxe5 Nbd7 6. d4 cxd4 7. Qxd4 Nxe5 8. Qxe5 e6 9. Bf4 a6 10. Bd3 Be7 11. 0-0-0 Qb6 12. Be3 Qc6 13. Be2 0-0 14. Bf3 Qc4 15. Qg3 Rd8 16. Kb1 Bd7 17. Bb6 Re8 18. Bxb7 Rab8 19. Rd4 Qxc3 20. Qxc3 Rxb7 21. Ba5 Nd5 22. Rxd5 exd5 23. Qd2 Be6 24. Bc3 Rc8 25. Re1 a5 26. f4 Rbc7 27. f5 Bxf5 28. Rxe7 Rxe7 29. Qg5 f6 30. Qxf5 Rd8 31. a4 Kh8 32. Bxa5 Ra8 33. Qxd5 Rea7 34. b4 Re8 35. Kb2 h6 36. Kb3 Rae7 37. b5 Re3+ 38. c3 Re1 39. b6 Rb1+ 40. Ka2 1-0

[Event "EU-ch Rapid"]
[Site "Katowice"]
[Date "2022.12.17"]
[Round "1"]
[White "Plichta, Kamil"]
[Black "Boryna, Szymon"]
[Result "1-0"]
[WhiteElo "2394"]
[BlackElo "1528"]
[PlyCount "81"]
[EventDate "2022.12.17"]
[EventType "swiss (rapid)"]
[EventRounds "11"]
[EventCountry "POL"]
[SourceTitle "CBM 211 Extra"]
[Source "ChessBase"]
[SourceDate "2023.01.31"]
[SourceVersion "1"]
[SourceVersionDate "2023.01.31"]
[SourceQuality "1"]

1. Nf3 Nf6 2. g3 g6 3. Bg2 Bg7 4. 0-0 0-0 5. c4 d6 6. Nc3 c5 7. d4 Na6 8. b3 Rb8 9. Bb2 Nc7 10. dxc5 dxc5 11. Na4 Ne6 12. Be5 Ra8 13. Ne1 Nd7 14. Bxg7 Kxg7 15. Nd3 Qc7 16. Qd2 Nb6 17. Qb2+ Kg8 18. Nc3 Bd7 19. Rac1 Bc6 20. Nd5 Qd7 21. Ne5 Qe8 22. Rfd1 f6 23. Nxc6 bxc6 24. Nc3 Rc8 25. e3 Qf7 26. Qa3 Rc7 27. Rd2 f5 28. Na4 Nxa4 29. Qxa4 Rfc8 30. Rcd1 Qe8 31. Qa5 Kf7 32. h4 h6 33. Bf3 Kg7 34. Qc3+ Kf7 35. Kg2 Rd8 36. Rxd8 Nxd8 37. Qe5 Ne6 38. h5 Qg8 39. Rh1 Qg7 40. hxg6+ Qxg6 41. Bh5 1-0

[Event "EU-ch Rapid"]
[Site "Katowice"]
[Date "2022.12.17"]
[Round "4"]
[White "Sargsyan, Shant"]
[Black "Plichta, Kamil"]
[Result "1-0"]
[WhiteElo "2645"]
[BlackElo "2394"]
[PlyCount "53"]
[EventDate "2022.12.17"]
[EventType "swiss (rapid)"]
[EventRounds "11"]
[EventCountry "POL"]
[SourceTitle "CBM 211 Extra"]
[Source "ChessBase"]
[SourceDate "2023.01.31"]
[SourceVersion "1"]
[SourceVersionDate "2023.01.31"]
[SourceQuality "1"]

1. d4 Nf6 2. c4 e5 3. dxe5 Ng4 4. Bf4 Nc6 5. Nf3 Bb4+ 6. Nbd2 Qe7 7. a3 Ngxe5 8. Nxe5 Nxe5 9. e3 Bc5 10. Be2 d6 11. 0-0 a5 12. Nb3 Bb6 13. Nd4 0-0 14. b4 axb4 15. axb4 Rxa1 16. Qxa1 g5 17. Bg3 f5 18. Nf3 f4 19. exf4 gxf4 20. Bh4 Nxf3+ 21. Bxf3 Qxh4 22. Bd5+ Rf7 23. c5 dxc5 24. Qe5 Bd7 25. Ra1 c6 26. Ra8+ Bd8 27. g3 1-0

[Event "EU-ch Blitz"]
[Site "Katowice"]
[Date "2022.12.16"]
[Round "17"]
[White "Plichta, Kamil"]
[Black "Pein, Jonathan"]
[Result "1-0"]
[WhiteElo "2394"]
[BlackElo "2252"]
[PlyCount "23"]
[EventDate "2022.12.16"]
[EventType "swiss (blitz)"]
[EventRounds "22"]
[EventCountry "POL"]
[SourceTitle "CBM 211 Extra"]
[Source "ChessBase"]
[SourceDate "2023.01.31"]
[SourceVersion "1"]
[SourceVersionDate "2023.01.31"]
[SourceQuality "1"]

1. e4 d5 2. exd5 Qxd5 3. Nc3 Qa5 4. d4 Nf6 5. Bc4 c6 6. Nf3 Bf5 7. Bd2 Qc7 8. Ne5 Nbd7 9. Bxf7+ Kd8 10. Bf4 Nxe5 11. dxe5+ Nd7 12. e6 1-0

[Event "EU-ch Blitz"]
[Site "Katowice"]
[Date "2022.12.16"]
[Round "11"]
[White "Plichta, Kamil"]
[Black "Schneider, Ilja"]
[Result "0-1"]
[WhiteElo "2394"]
[BlackElo "2483"]
[PlyCount "107"]
[EventDate "2022.12.16"]
[EventType "swiss (blitz)"]
[EventRounds "22"]
[EventCountry "POL"]
[SourceTitle "CBM 211 Extra"]
[Source "ChessBase"]
[SourceDate "2023.01.31"]
[SourceVersion "1"]
[SourceVersionDate "2023.01.31"]
[SourceQuality "1"]

1. d4 Nf6 2. Bg5 Ne4 3. h4 c5 4. d5 Qb6 5. Nd2 Nxg5 6. hxg5 g6 7. Rb1 Bg7 8. c3 d6 9. Ngf3 Nd7 10. e4 Qc7 11. a4 a6 12. Qc2 h6 13. Be2 hxg5 14. Rxh8+ Bxh8 15. Nxg5 Bf6 16. Ngf3 Ne5 17. Nxe5 Bxe5 18. Nc4 Bf6 19. a5 Bd7 20. Nb6 Rd8 21. Qd3 Kf8 22. Kd2 Kg7 23. Rh1 Rh8 24. Rxh8 Kxh8 25. Kc2 Kg7 26. f4 e5 27. dxe6 Bxe6 28. Qe3 Qc6 29. b3 Bd8 30. Nc4 d5 31. exd5 Bxd5 32. Ne5 Qd6 33. Qd2 Be4+ 34. Bd3 Qd5 35. Bxe4 Qxe4+ 36. Kb2 Bf6 37. Nc4 Bh4 38. Qe3 Qxg2+ 39. Ka3 Qc6 40. Qe5+ Bf6 41. Qd6 Bxc3 42. Qxc6 bxc6 43. Ka2 Kf6 44. Kb1 Kf5 45. Kc2 Bb4 46. Ne5 f6 47. Nxc6 Kxf4 48. Nb8 Bxa5 49. Nxa6 Bb4 50. Nc7 g5 51. Kd3 g4 52. Ke2 g3 53. Nd5+ Ke5 54. Ne3 0-1

[Event "EU-ch Blitz"]
[Site "Katowice"]
[Date "2022.12.16"]
[Round "1"]
[White "Plichta, Kamil"]
[Black "Smetek, Michal"]
[Result "1-0"]
[WhiteElo "2394"]
[BlackElo "1747"]
[PlyCount "72"]
[EventDate "2022.12.16"]
[EventType "swiss (blitz)"]
[EventRounds "22"]
[EventCountry "POL"]
[SourceTitle "CBM 211 Extra"]
[Source "ChessBase"]
[SourceDate "2023.01.31"]
[SourceVersion "1"]
[SourceVersionDate "2023.01.31"]
[SourceQuality "1"]

1. Nf3 Nf6 2. g3 g6 3. Bg2 Bg7 4. 0-0 0-0 5. c4 c6 6. b3 d5 7. Bb2 Bg4 8. h3 Bf5 9. d3 a5 10. Nbd2 Na6 11. Rc1 h5 12. Be5 dxc4 13. Nxc4 Nb4 14. a3 Na6 15. Qd2 Be6 16. Nxa5 Qb6 17. b4 Nd5 18. Bxg7 Kxg7 19. Nc4 Qd8 20. Ng5 Bc8 21. Qb2+ f6 22. Rfd1 e5 23. Ne4 Be6 24. Ned6 Qd7 25. e4 Ne7 26. d4 exd4 27. Rxd4 c5 28. Nf5+ gxf5 29. Rxd7 Bxd7 30. e5 Bc6 31. exf6+ Rxf6 32. Bxc6 bxc6 33. Re1 Nd5 34. Nd6 Kg6 35. b5 Rb8 36. Qd2 cxb5 1-0

[Event "EU-ch Blitz"]
[Site "Katowice"]
[Date "2022.12.16"]
[Round "9"]
[White "Plichta, Kamil"]
[Black "Ziogas, Modestas"]
[Result "1-0"]
[WhiteElo "2394"]
[BlackElo "2098"]
[PlyCount "83"]
[EventDate "2022.12.16"]
[EventType "swiss (blitz)"]
[EventRounds "22"]
[EventCountry "POL"]
[SourceTitle "CBM 211 Extra"]
[Source "ChessBase"]
[SourceDate "2023.01.31"]
[SourceVersion "1"]
[SourceVersionDate "2023.01.31"]
[SourceQuality "1"]

1. d4 d5 2. Bg5 Nf6 3. Bxf6 exf6 4. e3 Bd6 5. Bd3 0-0 6. Qf3 Be6 7. Ne2 Nc6 8. c3 Ne7 9. Nd2 a5 10. 0-0-0 b5 11. g4 b4 12. h4 bxc3 13. Nxc3 c5 14. g5 f5 15. h5 cxd4 16. exd4 Rb8 17. Nb5 Qb6 18. a4 Nc6 19. Nb3 Nb4 20. Bxf5 Qc6+ 21. Kb1 Rxb5 22. Rc1 Qd7 23. Bxh7+ Kxh7 24. axb5 Bf5+ 25. Ka1 Be4 26. g6+ Kg8 27. Qe2 Bf4 28. h6 Bxh6 29. Nc5 Qf5 30. Rh3 Qxg6 31. Rg3 Qf5 32. Rcg1 Nc2+ 33. Ka2 Nxd4 34. Qd1 Nxb5 35. Nxe4 Qxe4 36. Qh5 Qe6 37. Ka1 Nd4 38. Rh3 Kh7 39. Rh4 Nb3+ 40. Ka2 a4 41. Qg5 d4 42. Qxg7# 1-0

[Event "EU-ch Blitz"]
[Site "Katowice"]
[Date "2022.12.16"]
[Round "12"]
[White "Schneider, Ilja"]
[Black "Plichta, Kamil"]
[Result "1-0"]
[WhiteElo "2483"]
[BlackElo "2394"]
[PlyCount "85"]
[EventDate "2022.12.16"]
[EventType "swiss (blitz)"]
[EventRounds "22"]
[EventCountry "POL"]
[SourceTitle "CBM 211 Extra"]
[Source "ChessBase"]
[SourceDate "2023.01.31"]
[SourceVersion "1"]
[SourceVersionDate "2023.01.31"]
[SourceQuality "1"]

1. e4 g6 2. d4 Bg7 3. Nc3 c5 4. dxc5 Bxc3+ 5. bxc3 Nf6 6. e5 Ne4 7. Qd4 Qa5 8. Qb4 Qxc5 9. Qxc5 Nxc5 10. Be3 b6 11. Bxc5 bxc5 12. Rb1 Nc6 13. Nf3 d6 14. exd6 exd6 15. Bb5 Bd7 16. 0-0 Kd8 17. Ng5 Kc7 18. Nxf7 Rhf8 19. Ng5 h6 20. Ne4 a6 21. Ba4 Rab8 22. Rbd1 Rb2 23. Rxd6 Rf4 24. f3 Rxa2 25. Rfd1 Be8 26. Bb3 Ra5 27. Nf6 Rxf6 28. Rxf6 c4 29. Bxc4 Rc5 30. Bxa6 Rxc3 31. Rf8 Bd7 32. Bb5 Rc5 33. Rf7 Rxb5 34. Rfxd7+ Kb6 35. R7d6 Rc5 36. Rxg6 Rxc2 37. Rxh6 Kc7 38. h4 Ne5 39. h5 Ra2 40. Rh7+ Kc6 41. h6 Ng6 42. Rg7 Nf4 43. h7 1-0

[Event "MrDodgy Online Inv Gp-A 3rd"]
[Site "Chess.com INT"]
[Date "2022.11.25"]
[Round "14"]
[White "Rosen, Eric S"]
[Black "Plichta, Kamil"]
[Result "1/2-1/2"]
[WhiteElo "2356"]
[BlackElo "2394"]
[PlyCount "111"]
[EventDate "2022.11.25"]
[EventType "tourn (blitz)"]
[EventRounds "15"]
[EventCountry "GER"]
[EventCategory "15"]
[SourceTitle "CBM 211 Extra"]
[Source "ChessBase"]
[SourceDate "2023.01.31"]
[SourceVersion "1"]
[SourceVersionDate "2023.01.31"]
[SourceQuality "1"]

1. d4 Nf6 2. Bf4 c5 3. e3 Nd5 4. Bg3 Qb6 5. b3 cxd4 6. exd4 g6 7. c4 Bg7 8. Nf3 Nf6 9. Be2 Nc6 10. 0-0 Ne4 11. Be5 Nxe5 12. dxe5 d6 13. Qd5 Qc6 14. Nbd2 Qxd5 15. cxd5 Nxd2 16. Nxd2 Bxe5 17. Rac1 Bf4 18. Rfd1 Kd8 19. g3 Bxd2 20. Rxd2 Bd7 21. f4 Rc8 22. Rdd1 Rc7 23. Kf2 Kc8 24. Ke3 Kb8 25. Rxc7 Kxc7 26. Bc4 Rc8 27. Kd4 Kd8 28. Re1 b5 29. Bd3 a5 30. h4 Rc5 31. a3 e6 32. dxe6 fxe6 33. b4 axb4 34. axb4 Rd5+ 35. Kc3 e5 36. fxe5 dxe5 37. h5 gxh5 38. Bxh7 Ke7 39. Be4 Rd4 40. Bf3 Rc4+ 41. Kd2 Kf6 42. Re4 Rxe4 43. Bxe4 Kg5 44. Bf3 Bg4 45. Bc6 h4 46. gxh4+ Kxh4 47. Bxb5 Kg5 48. Ke3 Kf6 49. Ke4 Ke6 50. Bc4+ Kd6 51. b5 Bh3 52. Be2 Bg2+ 53. Bf3 Bxf3+ 54. Kxf3 Kc5 55. Ke4 Kxb5 56. Kxe5 1/2-1/2

[Event "MrDodgy Online Inv Gp-A 3rd"]
[Site "Chess.com INT"]
[Date "2022.11.25"]
[Round "3"]
[White "Van Foreest, Jorden"]
[Black "Plichta, Kamil"]
[Result "1-0"]
[WhiteElo "2690"]
[BlackElo "2394"]
[PlyCount "91"]
[EventDate "2022.11.25"]
[EventType "tourn (blitz)"]
[EventRounds "15"]
[EventCountry "GER"]
[EventCategory "15"]
[SourceTitle "CBM 211 Extra"]
[Source "ChessBase"]
[SourceDate "2023.01.31"]
[SourceVersion "1"]
[SourceVersionDate "2023.01.31"]
[SourceQuality "1"]

1. Na3 g6 2. g3 Bg7 3. Bg2 Nf6 4. d4 0-0 5. Nf3 d6 6. 0-0 Nbd7 7. Nc4 c6 8. a4 Qc7 9. b3 Rd8 10. Bb2 Nb6 11. Ncd2 a5 12. e4 Bg4 13. Qe1 Qd7 14. Rd1 Bh3 15. c4 Bxg2 16. Kxg2 Qg4 17. h3 Qh5 18. g4 Nxg4 19. hxg4 Qxg4+ 20. Kh1 c5 21. Nh2 Qh3 22. Qe3 Qh5 23. Ba1 Nd7 24. d5 Bxa1 25. Rxa1 Ne5 26. Rg1 e6 27. f4 Nd7 28. dxe6 fxe6 29. Rg5 Qh6 30. Rag1 Nf8 31. f5 exf5 32. Rxg6+ Qxg6 33. Rxg6+ hxg6 34. exf5 gxf5 35. Qg5+ Kf7 36. Qxf5+ Ke7 37. Ng4 Nd7 38. Qh7+ Ke6 39. Qg6+ Ke7 40. Ne4 Rh8+ 41. Kg2 Rag8 42. Qxd6+ Kd8 43. Kg3 Rg7 44. Nxc5 Rhg8 45. Ne6+ Kc8 46. Qc7# 1-0

[Event "MrDodgy Online Inv Gp-A 3rd"]
[Site "Chess.com INT"]
[Date "2022.11.25"]
[Round "13"]
[White "Williams, Simon Kim"]
[Black "Plichta, Kamil"]
[Result "1/2-1/2"]
[WhiteElo "2467"]
[BlackElo "2394"]
[PlyCount "89"]
[EventDate "2022.11.25"]
[EventType "tourn (blitz)"]
[EventRounds "15"]
[EventCountry "GER"]
[EventCategory "15"]
[SourceTitle "CBM 211 Extra"]
[Source "ChessBase"]
[SourceDate "2023.01.31"]
[SourceVersion "1"]
[SourceVersionDate "2023.01.31"]
[SourceQuality "1"]

1. d4 e6 2. Nf3 d5 3. Bf4 Nf6 4. e3 c5 5. Nbd2 Nc6 6. c3 Be7 7. Bd3 0-0 8. 0-0 b6 9. Ne5 Bb7 10. Qf3 Nxe5 11. dxe5 Nd7 12. Qh3 g6 13. Nf3 Re8 14. Bb5 f5 15. exf6 Bxf6 16. Rad1 a6 17. Bxd7 Qxd7 18. Be5 Qg7 19. Qg3 a5 20. Bxf6 Qxf6 21. Ne5 Re7 22. f4 Rf8 23. Qg5 Qxg5 24. fxg5 Rf5 25. Nf3 e5 26. h4 Ref7 27. Nh2 Rxf1+ 28. Nxf1 Kf8 29. Nh2 Ke7 30. Ng4 Ke6 31. Nf6 h6 32. g4 hxg5 33. hxg5 Rf8 34. Kg2 Rh8 35. Kg3 a4 36. Rf1 Ba6 37. Rd1 Bc4 38. a3 b5 39. Re1 Bd3 40. Rd1 c4 41. Re1 Bc2 42. Kg2 Bd3 43. Kg3 Bc2 44. Kg2 Bd3 45. Kg3 1/2-1/2

[Event "POL-chT 1st League"]
[Site "Sypniewo"]
[Date "2022.09.11"]
[Round "9.2"]
[White "Jakubowski, Krzysztof"]
[Black "Plichta, Kamil"]
[Result "1/2-1/2"]
[WhiteElo "2466"]
[BlackElo "2397"]
[PlyCount "30"]
[EventDate "2022.09.03"]
[EventType "team-swiss"]
[EventRounds "9"]
[EventCountry "POL"]
[SourceTitle "CBM 210 Extra"]
[Source "ChessBase"]
[SourceDate "2022.11.30"]
[SourceVersion "1"]
[SourceVersionDate "2022.11.30"]
[SourceQuality "1"]
[WhiteTeam "Raciborz Silesia"]
[BlackTeam "Podlesie UKS 21"]
[WhiteTeamCountry "POL"]
[BlackTeamCountry "POL"]

1. e4 e6 2. d4 d5 3. exd5 exd5 4. Nf3 Nf6 5. Bd3 Bd6 6. Qe2+ Be6 7. Ng5 Qe7 8. Nxe6 fxe6 9. Nd2 0-0 10. Nf3 c5 11. dxc5 Bxc5 12. 0-0 Nc6 13. c4 Qd6 14. Be3 Bxe3 15. fxe3 Ne5 1/2-1/2

[Event "PGNiG POL Cup"]
[Site "Elblag"]
[Date "2022.04.09"]
[Round "1"]
[White "Plichta, Kamil"]
[Black "Siekanska, Zuzanna"]
[Result "1-0"]
[WhiteElo "2397"]
[BlackElo "1712"]
[PlyCount "73"]
[EventDate "2022.04.09"]
[EventType "swiss (rapid)"]
[EventRounds "9"]
[EventCountry "POL"]
[SourceTitle "CBM 207 Extra"]
[Source "ChessBase"]
[SourceDate "2022.05.31"]
[SourceVersion "1"]
[SourceVersionDate "2022.05.31"]
[SourceQuality "1"]

1. Nf3 Nf6 2. c4 c5 3. g3 g6 4. Bg2 Bg7 5. 0-0 0-0 6. Nc3 e6 7. d4 d6 8. dxc5 dxc5 9. Ne5 Nfd7 10. Nd3 Nc6 11. Ne4 Qe7 12. Bg5 f6 13. Be3 Nd4 14. Ndxc5 Nxc5 15. Nxc5 Qxc5 16. Qxd4 Qc7 17. Rfd1 f5 18. Qc5 Qxc5 19. Bxc5 Re8 20. Rd2 e5 21. Bd5+ Kh8 22. Bf7 Be6 23. Bxe8 Rxe8 24. b3 b6 25. Ba3 g5 26. Rad1 f4 27. Rd8 Rg8 28. R1d6 Bf5 29. Bb2 Bb1 30. Rxg8+ Kxg8 31. Rd8+ Kf7 32. Rd7+ Kg6 33. Rxa7 h5 34. b4 h4 35. gxh4 gxh4 36. c5 bxc5 37. bxc5 1-0

[Event "POL-ch Ekstraliga-A Rapid"]
[Site "Bydgoszcz"]
[Date "2022.03.11"]
[Round "3.2"]
[White "Plichta, Kamil"]
[Black "Niedbala, Bartlomiej"]
[Result "1-0"]
[WhiteElo "2397"]
[BlackElo "2385"]
[PlyCount "122"]
[EventDate "2022.03.11"]
[EventType "team-tourn (rapid)"]
[EventRounds "10"]
[EventCountry "POL"]
[SourceTitle "CBM 207 Extra"]
[Source "ChessBase"]
[SourceDate "2022.05.31"]
[SourceVersion "1"]
[SourceVersionDate "2022.05.31"]
[SourceQuality "1"]
[WhiteTeam "Gostynin Gostmat 83"]
[BlackTeam "Jastrzebie Zdroj Pionier"]
[WhiteTeamCountry "POL"]
[BlackTeamCountry "POL"]

1. e4 c6 2. d4 d5 3. exd5 cxd5 4. c4 Nf6 5. Nc3 g6 6. cxd5 Bg7 7. Bc4 0-0 8. Nf3 Nbd7 9. 0-0 Nb6 10. Bb3 Nbxd5 11. Re1 Nxc3 12. bxc3 e6 13. Ne5 Bd7 14. Qf3 Qc8 15. Bg5 Bc6 16. Nxc6 Qxc6 17. Qxc6 bxc6 18. Rab1 Nd5 19. Bd2 Rac8 20. Kf1 c5 21. c4 Nb6 22. dxc5 Nd7 23. Be3 Nxc5 24. Red1 a5 25. f3 Nxb3 26. axb3 a4 27. bxa4 Rxc4 28. a5 Ra4 29. Bb6 Bc3 30. Rb5 Kg7 31. Rd3 Bf6 32. Bc7 Rc8 33. Rb7 Ra1+ 34. Ke2 Ra2+ 35. Rd2 Ra4 36. g3 h5 37. f4 g5 38. fxg5 Bxg5 39. Rd7 Kg6 40. Kd3 h4 41. gxh4 Bxh4 42. Kc3 Bf6+ 43. Kb3 Ra1 44. Rb4 Rb1+ 45. Ka4 Ra1+ 46. Kb5 Bc3 47. Rb3 Bd2 48. a6 Bh6 49. Rg3+ Kf6 50. Rf3+ Kg6 51. Rdxf7 Rb1+ 52. Kc6 Bg5 53. Rd7 Ra8 54. Ra3 Bf6 55. a7 Rb2 56. Bb6 Rc2+ 57. Kb7 Rcc8 58. Rg3+ Kf5 59. Rf7 Ke5 60. Bc7+ Rxc7+ 61. Rxc7 Kd5 1-0